Programming with C++ (Record no. 20126)

MARC details
000 -LEADER
fixed length control field 00380nam a22001577a 4500
008 - FIXED-LENGTH DATA ELEMENTS--GENERAL INFORMATION
fixed length control field 230915b |||||||| |||| 00| 0 eng d
020 ## - INTERNATIONAL STANDARD BOOK NUMBER
ISBN 0-07-463349-X
082 ## - DEWEY DECIMAL CLASSIFICATION NUMBER
Classification number 105.32
100 ## - MAIN ENTRY--AUTHOR NAME
Personal name D Ravichandran
245 ## - TITLE STATEMENT
Title Programming with C++
Statement of responsibility, etc D Ravichandran
260 ## - PUBLICATION, DISTRIBUTION, ETC. (IMPRINT)
Place of publication New Delhi
Name of publisher TMG
Year of publication 1999
300 ## - PHYSICAL DESCRIPTION
Number of Pages 603
650 ## - SUBJECT ADDED ENTRY--TOPICAL TERM
Topical Term BB CSE
796 ## - LOCAL ADDED ENTRY--PERSONAL NAME (RLIN)
Personal name D Ravichandran
942 ## - ADDED ENTRY ELEMENTS (KOHA)
Source of classification or shelving scheme Dewey Decimal Classification
Koha item type Books
Holdings
Accession Number Source of acquisition Price effective from Koha item type Withdrawn / writtenoff status Damaged status Not for loan Permanent Location Current Location Shelving location Date acquired Lost/ Missing status department
BB 1156 Donated 09/15/2023 Books       MIET Library, Jammu MIET Library, Jammu BL-Academic Block B, FL-3, CUP-194, SH-2, R-3 09/15/2023   BB
BB 1155 Donated 09/15/2023 Books       MIET Library, Jammu MIET Library, Jammu BL-Academic Block B, FL-3, CUP-194, SH-2, R-3 09/15/2023   BB
BB 1157 Donated 09/15/2023 Books       MIET Library, Jammu MIET Library, Jammu BL-Academic Block B, FL-3, CUP-194, SH-2, R-3 09/15/2023   BB
BB 1158 Donated 09/15/2023 Books       MIET Library, Jammu MIET Library, Jammu BL-Academic Block B, FL-3, CUP-194, SH-2, R-3 09/15/2023   BB